000 00258nam a22000977a 4500
008 240202b |||||||| |||| 00| 0 eng d
020 _a9780273708889
245 _aMANAGEMENT AND ORGANIZATIONAL BEHAVIOUR
260 _aHARLOW
_bPRENTICE HALL
942 _2lcc
_cBK
999 _c208847
_d208847